La primera evangelización

Guardado en:
Detalles Bibliográficos
Autor principal: Guijarro Oporto, Santiago (Autor)
Formato: Libro
Lenguaje:español
Publicado: Salamanca Sígueme 2013
Edición:1a. ed
Colección:Biblioteca de Estudios Bíblicos, 138
Materias:
Etiquetas: Agregar Etiqueta
Sin Etiquetas, Sea el primero en etiquetar este registro!

MARC

LEADER 00000cam a2200000 a 4500
001 UCD2051
003 CL-VaPUC
008 160407e20130000sp |||||||||||||||||spa|d
020 |a 9788430118250 
082 0 4 |a 243  |b GUI  |2 21 
100 |a Guijarro Oporto, Santiago  |e author  |9 598556 
245 1 3 |a La primera evangelización 
250 |a 1a. ed 
300 |a 237 p 
942 |c BK 
945 |d 20160407 22:06:00  |a arojas 
260 |a Salamanca  |b Sígueme  |c 2013 
650 7 |a EVANGELIZACION  |2 CL-VaPUC  |9 585310 
650 7 |a MISIONES  |2 CL-VaPUC  |9 269280 
583 |a last modification  |c 20160407 22:06:00  |k Rodrigo Vera 
490 0 |a Biblioteca de Estudios Bíblicos, 138 
999 |c 363257  |d 363255 
952 |0 0  |1 0  |3 erb  |4 0  |6 243_000000000000000_GUI_2013  |7 0  |8 A  |9 475150  |a BIBTEO  |b BIBTEO  |i 5281237  |o 243 GUI 2013  |p 5281237  |r 2025-01-17  |w 2019-11-24  |y BK  |z Catalogado en:20160407  |k ICR